| 000 | 00945nam a2200205Ia 4500 | ||
|---|---|---|---|
| 005 | 20240530103151.0 | ||
| 008 | 140319s xx 000 0 ara d | ||
| 040 |
_aGCL / _cGCL |
||
| 082 | 0 | 4 |
_a811.5 / _bم د |
| 100 | 1 | _aابن المعتز : ابوالعباس عبدالله بن محمد المعتز بن المتوكل بن المعتصم بن هارون الرشيد العباس | |
| 245 | 1 | 0 |
_aديوان ابن المعتز / _cابن المعتز : ابوالعباس عبدالله بن محمد المعتز بن المتوكل بن المعتصم بن هارون الرشيد العباس |
| 260 |
_aبيروت : _bدار صادر ، _cد. ت |
||
| 300 |
_a522 ص؛ _b24 سم |
||
| 650 | 0 | 4 | _aالشعر العربى |
| 650 | 0 | 4 | _aالادب العربى |
| 650 | 0 | 4 | _aدواوين وقصائد |
| 650 | 0 | 4 | _aالدولة العباسية الثانية |
| 942 |
_2ddc _cBK |
||
| 999 |
_c37298 _d37298 |
||